Southville International School and Colleges
Your cart is empty.
  • Cart
  • Lists
    Public lists Eva Luna New books Lux_list list_1
    Your lists Log in to create your own lists
  • Log in to your account
  • Your cookies
  • Search history
Southville International School and Colleges
  • Advanced search
  • Recent comments
  • Most popular
  • Libraries

Log in to your account

Log in with GOOGLE


If you do not have an external account, but do have a local account, you can still log in:

  1. Home
  2. MARC view: 100 selected poems for young and adult plus 80 nursery rhymes and limericks and famous poems of Dr. Jose Rizal
Normal view MARC view ISBD view

100 selected poems for young and adult plus 80 nursery rhymes and limericks and famous poems of Dr. Jose Rizal (Record no. 1553)

[ view plain ]
MARC details
000 -LEADER
fixed length control field 00602nam a22001937a 4500
003 - CONTROL NUMBER IDENTIFIER
control field OSt
005 - DATE AND TIME OF LATEST TRANSACTION
control field 20140310181711.0
008 - FIXED-LENGTH DATA ELEMENTS--GENERAL INFORMATION
fixed length control field 121208t xxu||||| |||| 00| 0 eng d
020 ## - INTERNATIONAL STANDARD BOOK NUMBER
International Standard Book Number 9715980147
050 ## - LIBRARY OF CONGRESS CALL NUMBER
Classification number PN 6110
Item number .C227 1996
082 ## - DEWEY DECIMAL CLASSIFICATION NUMBER
Classification number FIL 899.21
Item number C16 1999
245 ## - TITLE STATEMENT
Title 100 selected poems for young and adult plus 80 nursery rhymes and limericks and famous poems of Dr. Jose Rizal
Statement of responsibility, etc Canonigo, Cristiana S.
260 ## - PUBLICATION, DISTRIBUTION, ETC. (IMPRINT)
Place of publication, distribution, etc Manila :
Name of publisher, distributor, etc Palinsad Gen. Mdse.,
Date of publication, distribution, etc c1996.
300 ## - PHYSICAL DESCRIPTION
Extent ix, 197 p. :
Other physical details ill. ;
Dimensions 18 cm.
521 ## - TARGET AUDIENCE NOTE
Target audience note
541 ## - IMMEDIATE SOURCE OF ACQUISITION NOTE
-- 1
562 ## - COPY AND VERSION IDENTIFICATION NOTE
Number of copies 1
942 ## - ADDED ENTRY ELEMENTS (KOHA)
Source of classification or shelving scheme Library of Congress Classification
Koha item type
Call number prefix Filipininana
Holdings
Withdrawn status Lost status Source of classification or shelving scheme Damaged status Home library Current library Shelving location Date acquired Total Checkouts Full call number Barcode Date last seen Copy number Price effective from Koha item type
    Library of Congress Classification   Luxembourg Library Luxembourg Library Filipiniana Section 12/08/2012   PN 6110 .C227 1996 14341 08/13/2013 1 10/03/2013 Books

100 selected poems for young and adult plus 80 nursery rhymes and limericks and famous poems of Dr. Jose Rizal

APA

(1996). 100 selected poems for young and adult plus 80 nursery rhymes and limericks and famous poems of Dr. Jose Rizal. Manila: Palinsad Gen. Mdse.

Chicago

1996. 100 selected poems for young and adult plus 80 nursery rhymes and limericks and famous poems of Dr. Jose Rizal. Manila: Palinsad Gen. Mdse.

Harvard

(1996). 100 selected poems for young and adult plus 80 nursery rhymes and limericks and famous poems of Dr. Jose Rizal. Manila: Palinsad Gen. Mdse.

MLA

100 selected poems for young and adult plus 80 nursery rhymes and limericks and famous poems of Dr. Jose Rizal. Manila: Palinsad Gen. Mdse. 1996.

  • Place hold
  • Print
  • Cite
  • Add to your cart (remove)
  • Save record
    BIBTEX Dublin Core MARCXML MARC (non-Unicode/MARC-8) MARC (Unicode/UTF-8) MARC (Unicode/UTF-8, Standard) MODS (XML) RIS
  • More searches
    Search for this title in:
    Other Libraries (WorldCat) Other Databases (Google Scholar) Online Stores (Bookfinder.com) Open Library (openlibrary.org)

Exporting to Dublin Core...

SOUTHVILLE LIBRARY

Southville International School and Colleges Library

1281 Tropical Ave. Cor. Luxembourg St., BF Homes International, Las Pinas City

Tel. No. 8256374 / 252358 Loc. 117/146

Powered by Koha